000 01000nam0a22003011 4500
001 rc\117683
005 20021216134858.7
010 _a5-203-01661-5
_95000
035 _a(NLR Aleph) 005375986
090 _a7050048
_c7050048
100 _a20021216d1995 u |0rusy50 ca
101 0 _arus
102 _aRU
105 _ay |||||||||
200 1 _aУнион
_eПроза послед. лет
_fЮрий Лощиц
210 _aМ.
_cВоениздат
_d1995
215 _a381, [1] с.
_d21
327 1 _aСодерж.: Унион: Роман; Разделы: Вечные селенья; В сердцах; На полях жития
464 0 _12001#$aУнион
464 0 _12001#$aВечные селенья
464 0 _12001#$aВ сердцах
464 0 _12001#$aНа полях жития
700 1 _aЛощиц
_bЮ. М.
_f1938-
_gЮрий Михайлович
801 0 _aRU
_bNLR
_gpsbo
801 1 _aRU
_bELAR
_2rusmarc
852 _aNLR
_j96-3/8955
942 _cBOOK
980 _aNB